| 000 | 00900cam a2200217 4500 | ||
|---|---|---|---|
| 001 | WB3540-06 | ||
| 008 | 000000n1999 000 0 eng u | ||
| 035 | _a(Sirsi) u100379 | ||
| 245 | _aSCOPE slams housebuilders | ||
| 260 | _c1999 | ||
| 490 |
_aArchitects' Journal _v13(210) 7 October 1999, 12-13(1) |
||
| 520 | _aThe disabled charity SCOPE has criticised housebuilders for resisting the latest changes to the building regulations which aim to enforce access to new homes. SCOPE warns that builders may look for loopholes to stop them from having to comply. | ||
| 590 | _aWB | ||
| 650 | _aMANAGEMENT-BUSINESS MANAGEMENT-DISCRIMINATION-DISABILITY DISCRIMINATION-ACCESSIBILITY | ||
| 650 | _aBUILDING REGULATIONS PART M | ||
| 650 | _aHOUSE BUILDERS | ||
| 650 | _aNEW HOMES | ||
| 650 | _aDISABILITY DISCRIMINATION ACT 1995 | ||
| 690 | _aBUILDING AND CONSTRUCTION-REGULATIONS | ||
| 942 | _n0 | ||
| 999 |
_c60067 _d60067 |
||